Análisis y mejoramiento del sistema de consulta externa del Hospital México

সংরক্ষণ করুন:
গ্রন্থ-পঞ্জীর বিবরন
প্রধান লেখক: Badilla Meza, Daniel, 1975-
অন্যান্য লেখক: Trejos Jinesta, Carlos, 1975-
বিন্যাস: গ্রন্থ
প্রকাশিত: San José, Costa Rica 1998
বিষয়গুলি:
ট্যাগগুলো: ট্যাগ যুক্ত করুন
কোনো ট্যাগ নেই, প্রথমজন হিসাবে ট্যাগ করুন!

MARC

LEADER 00000nam a2200000Ia 4500
003 008600
005 20240111084250.0
008 140114s1998 cr a m 000 ||s d
040 |c cru CEDI 
090 |a TFG 3922 
100 |a Badilla Meza, Daniel, 1975-  |9 2142 
245 |a Análisis y mejoramiento del sistema de consulta externa del Hospital México 
260 |a  San José, Costa Rica  |c 1998 
300 |a  vi, 113 hojas : ilustraciones  
500 |a Proyecto de graduación ( licenciatura en ingeniería industrial)--Universidad de Costa Rica. Facultad de Ingeniería. Escuela de Ingeniería Industrial 
501 |a Director de Proyecto de Graduación: Armando Castro  
650 |x HOSPITAL MEXICO (COSTA RICA  |x HOSPITALES - CONSULTA EXTERNA - COSTA RICA  |9 8825 
700 |a Trejos Jinesta, Carlos, 1975-  |9 2143 
942 |c TFG  |h TFG 3922  |i 008600  |6 TFG_3922_008600000000000 
999 |c 18550  |d 18550